000 00678nam a2200277Ia 4500
005 20260324122525.0
008 008 260324s9999 xx 000 0 eng d
020 _a9780429096488
037 _aEBOOK
040 _aCRL
040 _beng
040 _cCRL
041 _2eng
041 _aeng
084 _qCRL
100 _aEstate V. Khmaladze
_91166774
245 0 _aStatistical Methods with Applications to Demography and Life Insurance
260 _bTaylor and Francis
260 _c2013
365 _a
365 _b210
856 _uhttp://www.taylorfrancis.com/books/9780429096488
942 _cEBOOK
999 _c1759594
_d1759594